Wilma Unlimited : (Record no. 9849)

MARC details
000 -LEADER
fixed length control field 01050nam a22002897a 4500
001 - CONTROL NUMBER
control field 9849
003 - CONTROL NUMBER IDENTIFIER
control field FISKH
005 - DATE AND TIME OF LATEST TRANSACTION
control field 20260305084759.0
008 - FIXED-LENGTH DATA ELEMENTS--GENERAL INFORMATION
fixed length control field 260305b cb ||||| |||| 00| 0 eng d
020 ## - INTERNATIONAL STANDARD BOOK NUMBER
International Standard Book Number 9780439880015
040 ## - CATALOGING SOURCE
Original cataloging agency FISKH
Language of cataloging eng
Transcribing agency FISKH
Modifying agency FISKH
050 ## - LIBRARY OF CONGRESS CALL NUMBER
Classification number GV1061.15 .R83 .K78
082 ## - DEWEY DECIMAL CLASSIFICATION NUMBER
Classification number 796.42092
100 ## - MAIN ENTRY--PERSONAL NAME
Personal name Krull , Kathleen
245 ## - TITLE STATEMENT
Title Wilma Unlimited :
Remainder of title How Wilma Rudolph became the world's fastest woman /
Statement of responsibility, etc. By Kathleen Krull : Illustrated by David Diaz
260 ## - PUBLICATION, DISTRIBUTION, ETC.
Place of publication, distribution, etc. New York :
Name of publisher, distributor, etc. Scholastic ,
Date of publication, distribution, etc. 1996 .
300 ## - PHYSICAL DESCRIPTION
Extent 46 unnumbered pages :
Other physical details color illustrations ;
Dimensions 22 X 27 cm .
505 ## - FORMATTED CONTENTS NOTE
Formatted contents note U <br/>
520 ## - SUMMARY, ETC.
Summary, etc. A biography of the African-American woman who overcame crippling polio as a child to become the first woman to win three gold medals in track in a single Olympics.
521 8# - TARGET AUDIENCE NOTE
Target audience note 850 <br/>
Source Lexile AD <br/>
521 8# - TARGET AUDIENCE NOTE
Target audience note U <br/>
Source Raz-Plus <br/>
650 ## - SUBJECT ADDED ENTRY--TOPICAL TERM
Topical term or geographic name entry element Perseverance
Form subdivision Non-fiction
650 ## - SUBJECT ADDED ENTRY--TOPICAL TERM
Topical term or geographic name entry element Track and field
Form subdivision Non-fiction
700 ## - ADDED ENTRY--PERSONAL NAME
Personal name Diaz , David
Relator term Illustrator
942 ## - ADDED ENTRY ELEMENTS (KOHA)
Source of classification or shelving scheme Dewey Decimal Classification
Koha item type Books
Suppress in OPAC No
Holdings
Withdrawn status Lost status Source of classification or shelving scheme Damaged status Not for loan Collection Home library Current library Shelving location Date acquired Total Checkouts Full call number Barcode Date last seen Copy number Price effective from Koha item type
    Dewey Decimal Classification     Non-Fiction Footprints International School Library Network Toul Tom Poung Campus Footprints International School Library Network Toul Tom Poung Campus TTP Secondary Non-Fiction Bookshelves 03/05/2026   KRU 796.42092 GV1061.15 .R83 .K78 FIS02463 03/05/2026 1 03/05/2026 Books
    Dewey Decimal Classification     Non-Fiction Footprints International School Library Network Toul Tom Poung Campus Footprints International School Library Network Toul Tom Poung Campus TTP Secondary Non-Fiction Bookshelves 03/24/2026   KRU 796.42092 GV1061.15 .R83 .K78 FISBK06100 03/24/2026 2 03/24/2026 Books